International Economics/ (Record no. 11350)

MARC details
000 -LEADER
fixed length control field 00503nam a22001937a 4500
005 - DATE AND TIME OF LATEST TRANSACTION
control field 20260327075342.0
008 - FIXED-LENGTH DATA ELEMENTS--GENERAL INFORMATION
fixed length control field 220625b ||||| |||| 00| 0 eng d
020 ## - INTERNATIONAL STANDARD BOOK NUMBER
International Standard Book Number 0706995864
040 ## - CATALOGING SOURCE
Original cataloging agency IN-DiNC
Transcribing agency IN-DiNC
041 ## - LANGUAGE CODE
Language code of sung or spoken text English
082 ## - DEWEY DECIMAL CLASSIFICATION NUMBER
Classification number 337
Item number MAN
100 ## - MAIN ENTRY--PERSONAL NAME
Personal name Mannur, H G
Relator term Author
245 ## - TITLE STATEMENT
Title International Economics/
Statement of responsibility, etc. by HG Mannur
250 ## - EDITION STATEMENT
Edition statement 2nd Rep.
260 ## - PUBLICATION, DISTRIBUTION, ETC.
Place of publication, distribution, etc. New Delhi:
Name of publisher, distributor, etc. Vikas publishing house,
Date of publication, distribution, etc. 1999.
300 ## - PHYSICAL DESCRIPTION
Extent 461p.
650 ## - SUBJECT ADDED ENTRY--TOPICAL TERM
Topical term or geographic name entry element International economics
942 ## - ADDED ENTRY ELEMENTS (KOHA)
Source of classification or shelving scheme Dewey Decimal Classification
Koha item type Books
Holdings
Withdrawn status Lost status Source of classification or shelving scheme Damaged status Not for loan Collection code Home library Current library Shelving location Date acquired Cost, normal purchase price Total Checkouts Full call number Barcode Date last seen Date last checked out Copy number Price effective from Koha item type
    Dewey Decimal Classification     Economics Central Library, Naharkatiya College Central Library, Naharkatiya College General Stacks 25/06/2022 150.00 1 337 2393 25/01/2024 24/01/2024 1 25/06/2022 Books
    Dewey Decimal Classification     Economics Central Library, Naharkatiya College Central Library, Naharkatiya College General Stacks 27/03/2026 225.00 1 337 MAN 17941 22/04/2026 27/03/2026 2 27/03/2026 Books

Naharkatiya College © 2020. All rights reserved.

Powered By